Colombia biodiversidad siglo XXI (Registro nro. 1685)

Detalles MARC
000 -CABECERA
Campo de control 01053nam a2200265 a 4500
005 - FECHA Y HORA DE LA ULTIMA TRANSACCION
Campo de control 20200104041523.0
008 - ELEMENTOS DE LONGITUD FIJA—INFORMACION GENERAL
Campo de control 140120b1998 ck ||||| |||| 00| 0 spa d
041 ## - IDIOMA
Código de idioma para texto/pista de sonido o título separado Español
090 ## - CLASIFICACIÓN LOCAL
Colección IAvH
Consecutivo 00049
100 ## - ASIENTO PRINCIPAL--NOMBRE PERSONAL
Nombre personal Fandiño, María Claudia
110 ## - ASIENTO PRINCIPAL--NOMBRE CORPORATIVO
Nombre corporativo o de jurisdicción como elemento de entrada Instituto de Investigación de Recursos Biológicos Alexander von Humboldt
Unidad subordinad Instituto de Investigación de Recursos Biológicos Alexander von Humboldt
245 ## - MENCION DE TITULO
Título Colombia biodiversidad siglo XXI
Parte restante del título propuesta técnica para la formulación de un plan de acción nacional en biodiversidad
260 ## - PUBLICACION, DISTRIBUCION, ETC. (PIE DE IMPRENTA)
Lugar de publicación, distribución, etc. Bogotá
Nombre del editor, distribuidor, etc. Instituto Alexander von Humboldt
-- Minambiente
-- DNP
Fecha de publicación, distribución, etc. 1998
300 ## - DESCRIPCION FISICA
Extensión 254 p.
650 ## - ASIENTO SECUNDARIO DE MATERIA - TERMINO TEMATICO
Término temático o nombre geográfico como elemento de entrada Biodiversidad
650 ## - ASIENTO SECUNDARIO DE MATERIA - TERMINO TEMATICO
Término temático o nombre geográfico como elemento de entrada Plan de acción
650 ## - ASIENTO SECUNDARIO DE MATERIA - TERMINO TEMATICO
Término temático o nombre geográfico como elemento de entrada Pérdida de biodiversidad
650 ## - ASIENTO SECUNDARIO DE MATERIA - TERMINO TEMATICO
Término temático o nombre geográfico como elemento de entrada Conocimiento tradicional
650 ## - ASIENTO SECUNDARIO DE MATERIA - TERMINO TEMATICO
Término temático o nombre geográfico como elemento de entrada Caracterización biológica
650 ## - ASIENTO SECUNDARIO DE MATERIA - TERMINO TEMATICO
Término temático o nombre geográfico como elemento de entrada Conservación de biodiversidad
650 ## - ASIENTO SECUNDARIO DE MATERIA - TERMINO TEMATICO
Término temático o nombre geográfico como elemento de entrada Uso de biodiversidad
662 ## - ASIENTO SECUNDARIO DE MATERIA - JERARQUIA DEL NOMBRE DE LUGAR(
País o entidad mayor Colombia
700 ## - ASIENTO SECUNDARIO - NOMBRE PERSONAL
Nombre personal Ferreira Maani, Paola
942 ## - ELEMENTOS ADICIONALES (KOHA)
Tipo de ítem CD-ROM
Sistema de clasificación Local
Existencias
Withdrawn status Lost status Sistema de Clasificación Damaged status No para préstamo Colección Inventariado Ubicación Permanente Ubicación actual Fecha de adquisición Fuente de Valor Valor Total Checkouts Número topográfico Inventario / Código de Barras Date last seen Ejemplar Price effective from Forma de adquisición Tipo de material
    Dewey Decimal Classification     Humboldt Inventariado 2017 Bogotá Bogotá 14/11/2001 CID Humboldt 30000.00   IAvH-333.9516 F19c 008235 04/12/2012 Ej. 1 04/12/2012 Institucional Libro
    Dewey Decimal Classification     Humboldt Inventariado 2017 Bogotá Bogotá 14/11/2001 CID Humboldt 30000.00   IAvH-333.9516 F19c 008236 04/12/2012 Ej. 3 04/12/2012 Institucional Libro
    Dewey Decimal Classification     Humboldt Inventariado 2017 Bogotá Bogotá 14/11/2001 CID Humboldt 30000.00   IAvH-333.9516 F19c 018078 04/12/2012 Ej. 2 04/12/2012 Institucional Libro
    Dewey Decimal Classification     Humboldt   Bogotá Bogotá 03/02/2020       IAVH-333.9516 F19c 044163 03/02/2020 Ej. 6 03/02/2020 Institucional Libro
    Dewey Decimal Classification     Humboldt Inventariado 2017 Sala Fabio Quevedo Sala Fabio Quevedo 18/07/2014 CID Humboldt 30000.00   IAvH-333.9516 F19c 003947 04/12/2012 Ej. 4 04/12/2012   Libro
    Dewey Decimal Classification     Humboldt Inventariado 2017 Sala Fabio Quevedo Sala Fabio Quevedo 18/07/2014 CID Humboldt 30000.00   IAvH-333.9516 F19c 018858 04/12/2012 Ej. 5 04/12/2012   Libro
    Local     Humboldt Inventariado 2017 Villa de Leyva Villa de Leyva 02/12/1998 CID Humboldt 30000.00   IAvH-00049 003946 04/12/2012 Ej. 1 04/12/2012 Institucional Libro